[Event "Quebec-ch sf"]
[Site "Montreal"]
[Date "2005.06.11"]
[Round "2"]
[White "Masse, Hugues"]
[Black "Fournier, Christian"]
[Result "1-0"]
[WhiteElo "2281"]
[BlackElo "1499"]
[PlyCount "71"]
[EventDate "2005.06.10"]
[EventType "swiss"]
[EventRounds "5"]
[EventCountry "CAN"]
[SourceTitle "EXT 2007"]
[Source "ChessBase"]
[SourceDate "2006.11.23"]
[SourceVersion "1"]
[SourceVersionDate "2006.11.23"]
[SourceQuality "1"]

1. d4 e6 2. c4 b6 3. e4 Bb7 4. Bd3 Bb4+ 5. Bd2 a5 6. Nf3 Nf6 7. Qe2 d6 8. 0-0 Bxd2 9. Nbxd2 Qe7 10. e5 dxe5 11. dxe5 Ng4 12. Be4 c5 13. Bxb7 Qxb7 14. Ne4 0-0 15. h3 Nh6 16. Rad1 Nc6 17. Nd6 Qe7 18. Qe4 Qc7 19. Rd2 Ne7 20. Rfd1 Rad8 21. Nb5 Rxd2 22. Rxd2 Qc6 23. Qxc6 Nxc6 24. Rd6 Rc8 25. g4 Kf8 26. Kf1 Ke7 27. Ke2 f5 28. Ng5 Nf7 29. Rxe6+ Kd7 30. Rxc6 Rxc6 31. Nxf7 fxg4 32. hxg4 h6 33. Nfd6 g5 34. Ke3 Ke7 35. Ke4 Ke6 36. a4 1-0

[Event "Quebec-ch qual 1"]
[Site "Montreal"]
[Date "2003.05.03"]
[Round "2"]
[White "Libersan, Thierry"]
[Black "Fournier, Christian"]
[Result "0-1"]
[WhiteElo "1949"]
[BlackElo "1228"]
[PlyCount "85"]
[EventDate "2003.05.??"]
[EventType "swiss"]
[EventRounds "5"]
[EventCountry "CAN"]
[SourceTitle "EXT 2006"]
[Source "ChessBase"]
[SourceDate "2005.11.24"]
[SourceVersion "1"]
[SourceVersionDate "2005.11.24"]
[SourceQuality "1"]

1. e4 e6 2. d4 c5 3. Nf3 cxd4 4. Nxd4 Nc6 5. Nb5 d6 6. c4 a6 7. N5a3 Nf6 8. Nc3 Be7 9. Be2 Bd7 10. 0-0 0-0 11. Kh1 Rc8 12. Bf4 Qc7 13. c5 e5 14. cxd6 Qxd6 15. Bg5 Qxd1 16. Raxd1 Bxa3 17. bxa3 Nd4 18. Bxf6 gxf6 19. Nd5 Kg7 20. Ne3 Ba4 21. Rd2 Nxe2 22. Rxe2 Bb5 23. Ree1 Bxf1 24. Rxf1 Rc7 25. Nf5+ Kh8 26. g3 Rfc8 27. Kg2 Rc1 28. Rxc1 Rxc1 29. Nd6 Rc7 30. a4 Rd7 31. Nf5 Rd2 32. Kf3 Rxa2 33. Nd6 Rxa4 34. Nxb7 h5 35. Nc5 Ra3+ 36. Ke2 a5 37. Nd3 Kg7 38. Kd2 Kg6 39. h4 a4 40. Kc2 Rxd3 41. Kxd3 f5 42. f3 fxe4+ 43. fxe4 0-1